000
00269nam a2200109Ia 4500
008
220204s9999 xx 000 0 und d
082
_a
032
_b
BAR
100
_a
Barker, E
245
0
_a
Principles of social and political theory
260
_a
Delhi
_b
OUP
_c
1978
942
_c
BK
999
_c
36010
_d
36010